000 00575nam a2200193Ia 4500
001 5724
003 GE_BSU
008 181216s||||||||xx |||||||||||||| ||und||
040 _cGE_BSU
080 _a517.057
100 _aВайнберг, M. М., Треногий, В. А.,
245 _aТеория ветвления решений нелинейных уравнений
260 _aМосква
260 _bНаука
260 _c1969
300 _a527с. 20 см.
653 _aТеория ветвления решений нелинейных
942 _cBK
999 _c39141
_d39141